Countries where Spanish is an Official Language - Statistics

General Stats
  • This quiz has been taken 18 times
  • The average score is 18 of 20
Answer Stats
Answer % Correct
Mexico
100%
Spain
100%
Argentina
94%
Chile
94%
Ecuador
94%
Guatemala
94%
Nicaragua
94%
Paraguay
94%
Peru
94%
Uruguay
94%
Venezuela
94%
Colombia
88%
Costa Rica
88%
Cuba
88%
El Salvador
88%
Honduras
88%
Panama
88%
Bolivia
82%
Dominican Republic
76%
Equatorial Guinea
59%
No matching quizzes found
Score Distribution
Percent of People with Each Score
Percentile by Number Answered
Your Score History
You have not taken this quiz